Классификатор ЕСКД: Детали технологической оснастки, инструмента. Класс 76

Detalles Bibliográficos
Autor Corporativo: Комитет стандартизации и метрологии СССР
Otros Autores: Матюшенко В. А.. (редактор)
Lenguaje:ruso
Publicado: Москва, ВНИИКИ, 1986
Edición:официальное изд.
Materias:
Formato: MixedMaterials Libro
KOHA link:https://koha.lib.tpu.ru/cgi-bin/koha/opac-detail.pl?biblionumber=114826

MARC

LEADER 00000nam0a2200000 4500
001 114826
005 20231101215223.0
035 |a (RuTPU)RU\TPU\book\124181 
035 |a RU\TPU\book\124163 
090 |a 114826 
100 |a 20070426d1986 km y0rusy50 ca 
101 0 |a rus 
102 |a RU 
105 |a a z 000zy 
200 1 |a Классификатор ЕСКД  |e Детали технологической оснастки, инструмента. Класс 76  |f Комитет стандартизации и метрологии СССР, под ред. В. А.. Матюшенко 
205 |a официальное изд. 
210 |a Москва  |c ВНИИКИ  |d 1986 
215 |a 79 с.  |c ил. 
610 1 |a классификаторы 
610 1 |a ЕСКД 
610 1 |a детали 
610 1 |a инструмент 
610 1 |a оснастка 
675 |a 658.5  |v 3 
702 1 |a Матюшенко  |b В. А..  |4 340 
712 0 2 |a Комитет стандартизации и метрологии СССР  |9 25628 
801 1 |a RU  |b 63413507  |c 20070424  |g PSBO 
801 2 |a RU  |b 63413507  |c 20070502  |g PSBO 
942 |c BK